Hodnotenie morfológie spermií kohútov a moriakov

Bibliographic Details
Main Author: Škrobánek, Peter (Author)
Format: Article
Language:Slovak
PhysicalDescription:Obr. 3.
Subjects:

MARC

LEADER 00000nab a2200000 a 4500
001 vtls000225665
003 SK-MaSNL
005 20260304062423.0
008 250422c1985 xo 0 slo
015 |a SNBRB19rr/mm-uuuuu 
035 |a CL0235779 
035 |a urn:nbn:sk:snk-abf0vx 
035 |a (urnnbn)urn:nbn:sk:snk:ar-a09qc1 
035 |a (uuid)48595d23-6493-4874-91ca-332f7cd7bb17 
040 |a SNKBUCL  |b slo  |c SNKBUCL  |e AACR2 
041 0 |a slo 
044 |a xo  |c SK 
080 |a 636.5.054:591.463.1  |2 1981 
080 |a 591.463.1  |2 1981 
100 1 |a Škrobánek, Peter  |4 aut  |9 6247 
245 1 0 |a Hodnotenie morfológie spermií kohútov a moriakov  |c Peter Škrobánek 
300 |b Obr. 3. 
650 0 7 |a morky  |2 snkbucl  |9 19146 
650 0 7 |a kohúty  |2 snkbucl  |9 933216 
650 0 7 |a spermie  |2 snkbucl  |9 15202 
655 7 |a články z novín a časopisov  |2 snkbucl  |9 267496 
773 0 |t Hydinársky pokrok  |g Roč. 14, č. 3 (1985), s. 98-108 
850 |a Slovenská národná knižnica 
852 |a Slovenská národná knižnica 
954 |a odborná, vedecká literatúra pôvodná (slovenská)  |2 lita 
958 |a article27 
958 |a RK 
958 |a OND 
958 |a EUIPO 
992 |a RBX 
999 |c 2738013  |d 2739943